| 000 | 00369nam a22001577a 4500 | ||
|---|---|---|---|
| 003 | SGT | ||
| 020 | _a9788177581232 | ||
| 082 | _a620.1,SHA | ||
| 100 | _aSHAMES,LRVING.H. | ||
| 245 | _aENGINEERING MECHANICS STATICS AND DYNAMICS | ||
| 250 | _a4TH | ||
| 260 |
_aNOIDA(UP) _bPEARSON _c2019 |
||
| 300 | _a840 | ||
| 650 | _aMECHANICAL ENGINEERING | ||
| 942 |
_2ddc _cBK _01 |
||
| 999 |
_c18312 _d18312 |
||